[Event "Vesterhav"]
[Site "Esbjerg"]
[Date "2008.07.15"]
[Round "7"]
[White "Nielsen, Aage Sondergaard"]
[Black "Lindestrom, Amalie Heiring"]
[Result "1-0"]
[WhiteElo "1938"]
[BlackElo "1413"]
[PlyCount "59"]
[EventDate "2008.07.11"]
[EventType "swiss"]
[EventRounds "10"]
[EventCountry "DEN"]
[Source "ChessBase"]
[SourceDate "2008.09.01"]

1. e4 c5 2. f4 d6 3. Nf3 Nf6 4. d3 g6 5. b3 Bg7 6. Bb2 O-O 7. Nc3 Nc6 8. Qd2
Rb8 9. g3 b5 10. Bg2 Qb6 11. Nd5 Nxd5 12. Bxg7 Kxg7 13. exd5 Nb4 14. Nh4 Bb7
15. c4 bxc4 16. bxc4 Na6 17. O-O Bc8 18. f5 Qb2 19. Qe3 Rb7 20. a3 Re8 21. fxg6
hxg6 22. Qg5 Qd4+ 23. Kh1 Qxd3 24. Rae1 Qxc4 25. Rxf7+ Kxf7 26. Qxg6+ Kf8 27.
Qh7 Rd8 28. Ng6+ Ke8 29. Rxe7+ Rxe7 30. Qxe7# 1-0

[Event "Vesterhav"]
[Site "Esbjerg"]
[Date "2008.07.15"]
[Round "7"]
[White "Nielsen, Jesper1"]
[Black "Andersen, Daniel"]
[Result "1/2-1/2"]
[WhiteElo "1718"]
[BlackElo "1969"]
[PlyCount "119"]
[EventDate "2008.07.11"]
[EventType "swiss"]
[EventRounds "10"]
[EventCountry "DEN"]
[Source "ChessBase"]
[SourceDate "2008.09.01"]

1. e4 e6 2. d4 d5 3. f3 dxe4 4. c3 e3 5. Bxe3 Nf6 6. Bd3 Nbd7 7. Ne2 b6 8. O-O
Bb7 9. Nd2 Be7 10. Ng3 Nd5 11. Bf2 c5 12. Re1 O-O 13. a3 cxd4 14. cxd4 N7f6 15.
Qb3 Nf4 16. Bf1 Qd5 17. Qe3 Ng6 18. Rad1 Bc6 19. Bc4 Qd7 20. Nde4 Nd5 21. Qc1
Rac8 22. Qb1 Bb5 23. Ba2 Ngf4 24. Nf1 Bc4 25. Bxc4 Rxc4 26. b3 Rc6 27. Qa1 Rfc8
28. Be3 f5 29. Nf2 Rc3 30. Bxf4 Nxf4 31. g3 Nd5 32. Rd3 Bf6 33. Qd1 Rxd3 34.
Qxd3 Rc3 35. Qd1 Nc7 36. d5 Nxd5 37. Ne3 Rc7 38. Nc4 b5 39. Ne5 Qd6 40. Qd4
Qxa3 41. Qd3 Qb4 42. Qd1 Qc3 43. Ned3 Re7 44. Re2 Qa1 45. Nc1 Nc3 46. Qd8+ Kf7
47. Rc2 Ne2+ 48. Rxe2 Qxc1+ 49. Kg2 Qc3 50. Qh8 Kg6 51. h4 h6 52. Nh3 e5 53.
h5+ Kf7 54. Qh7 Qd3 55. Qg6+ Kg8 56. Ra2 Qd7 57. Ra6 Re6 58. Qxf5 Qd2+ 59. Nf2
Rxa6 60. Qc8+ 1/2-1/2

[Event "Vesterhav"]
[Site "Esbjerg"]
[Date "2008.07.15"]
[Round "7"]
[White "Nielsen, Thomas (1994)"]
[Black "Pedersen, Lars Wisler"]
[Result "0-1"]
[WhiteElo "1084"]
[BlackElo "1893"]
[PlyCount "44"]
[EventDate "2008.07.11"]
[EventType "swiss"]
[EventRounds "10"]
[EventCountry "DEN"]
[Source "ChessBase"]
[SourceDate "2008.09.01"]

1. d4 f5 2. Nc3 Nf6 3. e3 g6 4. Bc4 d5 5. Bd3 Bg7 6. b3 O-O 7. Bb2 Nc6 8. Nf3
Ne4 9. O-O e5 10. Nd2 Nxc3 11. Bxc3 exd4 12. exd4 Nxd4 13. Nf3 Nxf3+ 14. Qxf3
Bxc3 15. Rad1 c6 16. Be2 Qf6 17. Rd3 d4 18. h3 Be6 19. Qg3 Rae8 20. Bf3 f4 21.
Qh2 Bf5 22. Rdd1 Bxc2 0-1

[Event "Vesterhav"]
[Site "Esbjerg"]
[Date "2008.07.15"]
[Round "7"]
[White "Noe, Lars"]
[Black "Christensen, Svend Ib"]
[Result "1/2-1/2"]
[WhiteElo "1936"]
[BlackElo "1531"]
[PlyCount "91"]
[EventDate "2008.07.11"]
[EventType "swiss"]
[EventRounds "10"]
[EventCountry "DEN"]
[Source "ChessBase"]
[SourceDate "2008.09.01"]

1. d4 d5 2. c4 Nf6 3. Nc3 c6 4. Nf3 Bf5 5. Qb3 Qb6 6. Qxb6 axb6 7. cxd5 Nxd5 8.
Nxd5 cxd5 9. e3 e6 10. a3 Be7 11. Bb5+ Nc6 12. Ne5 Rc8 13. Bd2 f6 14. Nd3 O-O
15. Ke2 Na5 16. Bxa5 bxa5 17. Rac1 Bxd3+ 18. Kxd3 Kf7 19. Bd7 Rxc1 20. Rxc1 Bd6
21. Bc8 b5 22. Rc6 b4 23. a4 Rd8 24. h3 g5 25. f3 h5 26. e4 e5 27. exd5 exd4
28. Be6+ Ke7 29. Ra6 Bc7 30. Ra7 Kd6 31. Ra6+ Ke5 32. Rc6 Bd6 33. b3 h4 34. Rc4
Kf4 35. Kxd4 Kg3 36. Rc2 Kf4 37. Kd3 Be5 38. Ke2 Bc3 39. Rc1 Ke5 40. Kd3 Kd6
41. Ke4 Rb8 42. Rc2 Rb7 43. f4 gxf4 44. Kxf4 Rg7 45. Ke4 Re7 46. Kd3 1/2-1/2

[Event "Vesterhav"]
[Site "Esbjerg"]
[Date "2008.07.15"]
[Round "7"]
[White "Ovsejevitsch, Sergei"]
[Black "Iljushin, Alexei"]
[Result "1/2-1/2"]
[WhiteElo "2582"]
[BlackElo "2546"]
[PlyCount "40"]
[EventDate "2008.07.11"]
[EventType "swiss"]
[EventRounds "10"]
[EventCountry "DEN"]
[Source "ChessBase"]
[SourceDate "2008.09.01"]

1. d4 d5 2. c4 c6 3. e3 Nf6 4. Nc3 a6 5. Nf3 b5 6. b3 Bg4 7. Be2 e6 8. O-O Bd6
9. h3 Bh5 10. Bb2 Nbd7 11. Ne5 Bxe2 12. Nxe2 Rc8 13. Nf4 O-O 14. Qe2 Qc7 15.
Nfd3 Ne4 16. Rac1 Bxe5 17. dxe5 bxc4 18. bxc4 Qa5 19. cxd5 cxd5 20. Bd4 Qd2
1/2-1/2

[Event "Vesterhav"]
[Site "Esbjerg"]
[Date "2008.07.15"]
[Round "7"]
[White "Pedersen, Jan Rode"]
[Black "Lauritsen, Martin Lee"]
[Result "1-0"]
[WhiteElo "2206"]
[BlackElo "2063"]
[PlyCount "97"]
[EventDate "2008.07.11"]
[EventType "swiss"]
[EventRounds "10"]
[EventCountry "DEN"]
[Source "ChessBase"]
[SourceDate "2008.09.01"]

1. e4 c5 2. Nf3 e6 3. d4 cxd4 4. Nxd4 a6 5. c4 Nf6 6. Bd3 Be7 7. O-O d6 8. Nc3
O-O 9. Be3 Nbd7 10. f3 Qc7 11. Rc1 b6 12. Qd2 Bb7 13. Qf2 Rac8 14. Rfd1 Ne5 15.
Bf1 Nfd7 16. h3 Ba8 17. b4 Qb7 18. Na4 Rb8 19. Nb3 Rfc8 20. c5 dxc5 21. bxc5
bxc5 22. Naxc5 Nxc5 23. Nxc5 Bxc5 24. Bxc5 Ng6 25. Rd6 Rc6 26. Qd4 Re8 27. Rd8
Rc8 28. Bf8 e5 29. Rcxc8 exd4 30. Rxe8 h5 31. Rxa8 Kh7 32. Bc5 Qb2 33. Red8
Qxa2 34. Rxa6 Qd2 35. Bxd4 Qg5 36. Rd5 Qh6 37. Raa5 Nf4 38. Rf5 Qd6 39. Be3
Nxh3+ 40. gxh3 Qg3+ 41. Kh1 Qe1 42. Rxh5+ Kg6 43. Rag5+ Kf6 44. Bd4+ Ke6 45.
Rg1 Qd2 46. Rd5 g6 47. Bg2 Qf4 48. Ra1 Ke7 49. Be5 1-0

[Event "Vesterhav"]
[Site "Esbjerg"]
[Date "2008.07.15"]
[Round "7"]
[White "Poulsen, Iver"]
[Black "Hoiberg, Nina"]
[Result "1-0"]
[WhiteElo "2147"]
[BlackElo "2211"]
[PlyCount "132"]
[EventDate "2008.07.11"]
[EventType "swiss"]
[EventRounds "10"]
[EventCountry "DEN"]
[Source "ChessBase"]
[SourceDate "2008.09.01"]

1. e4 e5 2. Nf3 Nc6 3. Bb5 Nd4 4. Nxd4 exd4 5. d3 c6 6. Bc4 Nf6 7. O-O d5 8.
exd5 Nxd5 9. Re1+ Be6 10. Qg4 Qf6 11. Qg5 Be7 12. Qxf6 Bxf6 13. a3 O-O 14. Nd2
Rfe8 15. Ne4 Be5 16. Bd2 Bf5 17. Ng3 Bg6 18. Re2 f6 19. Rae1 Bf7 20. f4 Bc7 21.
Bxd5 cxd5 22. Rxe8+ Rxe8 23. Rxe8+ Bxe8 24. Nf5 Bc6 25. Nxd4 Bb6 26. Be3 Bxd4
27. Bxd4 a6 28. Kf2 Kf7 29. h3 f5 30. g4 Bd7 31. g5 g6 32. Be5 Ke6 33. Ke3 Bc6
34. Kd4 Bd7 35. b3 Bc6 36. Kc5 Kd7 37. a4 Ke6 38. a5 Kd7 39. h4 Ke6 40. Bc7 Kd7
41. Bb8 Ke6 42. d4 Kd7 43. c4 Ke6 44. Bc7 dxc4 45. bxc4 Bf3 46. d5+ Kd7 47. Bb8
Be2 48. Kd4 Bf1 49. c5 Bg2 50. Ke5 Ke7 51. Bd6+ Kd7 52. Bb8 Ke7 53. Bc7 Kf7 54.
Bb6 Ke7 55. c6 bxc6 56. d6+ Ke8 57. Kf6 c5 58. Bxc5 Kd7 59. Kg7 Bf3 60. Kxh7
Bh5 61. Kg7 Ke6 62. Kf8 Be2 63. Ke8 Bb5+ 64. Kd8 Be2 65. Kc7 Bb5 66. Bf2 Be8
1-0

[Event "Vesterhav"]
[Site "Esbjerg"]
[Date "2008.07.15"]
[Round "7"]
[White "Prohl, Frank"]
[Black "Hasbo, Mikkel"]
[Result "0-1"]
[WhiteElo "1226"]
[BlackElo "1485"]
[PlyCount "50"]
[EventDate "2008.07.11"]
[EventType "swiss"]
[EventRounds "10"]
[EventCountry "DEN"]
[Source "ChessBase"]
[SourceDate "2008.09.01"]

1. f4 d5 2. Nf3 Nc6 3. e3 Bg4 4. Bb5 e6 5. Bxc6+ bxc6 6. O-O Nf6 7. d3 Bc5 8.
c3 O-O 9. Nbd2 Bxe3+ 10. Kh1 Bxf4 11. h3 Bh5 12. Qe1 Nd7 13. b4 Qe8 14. Nd4
Bxd2 15. Bxd2 Nf6 16. Qg3 Bg6 17. Rf3 e5 18. Nf5 Qe6 19. Raf1 Nd7 20. Qh4 Kh8
21. Bh6 gxh6 22. Qxh6 Bxf5 23. Qxe6 Bxe6 24. Re1 f5 25. g4 fxg4 0-1

[Event "Vesterhav"]
[Site "Esbjerg"]
[Date "2008.07.15"]
[Round "7"]
[White "Rasmussen, Karsten"]
[Black "Fries Nielsen, Jens Ove"]
[Result "1-0"]
[WhiteElo "2458"]
[BlackElo "2397"]
[PlyCount "127"]
[EventDate "2008.07.11"]
[EventType "swiss"]
[EventRounds "10"]
[EventCountry "DEN"]
[Source "ChessBase"]
[SourceDate "2008.09.01"]

1. Nf3 g6 2. d4 Bg7 3. e4 d6 4. c3 Nd7 5. Bc4 e6 6. Nbd2 Ne7 7. O-O a6 8. Re1
O-O 9. Nf1 b6 10. Ng3 Bb7 11. h3 b5 12. Bf1 c5 13. a4 bxa4 14. Qxa4 Nc6 15. Be3
Qc7 16. Qa3 cxd4 17. cxd4 d5 18. exd5 exd5 19. Ne2 Rfe8 20. Nc3 Nb6 21. Qb3
Red8 22. Rec1 Rd7 23. Na4 Nxa4 24. Rxa4 Qd6 25. Rca1 Nd8 26. Qa2 Qb6 27. b4 Rc8
28. Qd2 Nc6 29. Bxa6 Bxa6 30. Rxa6 Qb5 31. Ra8 Rdd8 32. Rxc8 Rxc8 33. Rc1 Bf8
34. Ne5 Na7 35. Rxc8 Nxc8 36. Qc2 Nd6 37. Qc7 Qxb4 38. Qd8 Qb7 39. Nd7 Qc8 40.
Nf6+ Kg7 41. Qxc8 Nxc8 42. Nxd5 f5 43. Kf1 Kf7 44. Ke2 Bd6 45. Kd3 Ke6 46. Kc4
Ne7 47. Nc3 f4 48. Bd2 Nf5 49. Ne4 h6 50. d5+ Kd7 51. Nxd6 Nxd6+ 52. Kd3 g5 53.
Bc3 Ke8 54. Be5 Nb7 55. Bg7 Kf7 56. Bxh6 Kg6 57. Bf8 Kf5 58. Kc4 Ke5 59. Bg7+
Kf5 60. Kb5 Nd8 61. Kb6 Nf7 62. Kc7 g4 63. hxg4+ Kxg4 64. d6 1-0

[Event "Vesterhav"]
[Site "Esbjerg"]
[Date "2008.07.15"]
[Round "7"]
[White "Sande Caceres, Cipriano"]
[Black "Mortensen, Carl Heinrich"]
[Result "1-0"]
[WhiteElo "1792"]
[BlackElo "1686"]
[PlyCount "83"]
[EventDate "2008.07.11"]
[EventType "swiss"]
[EventRounds "10"]
[EventCountry "DEN"]
[Source "ChessBase"]
[SourceDate "2008.09.01"]

1. c4 Nf6 2. Nc3 e5 3. g3 Nc6 4. Bg2 b6 5. a3 Bb7 6. e3 Rb8 7. Nge2 Ne7 8. e4
Nc6 9. O-O Be7 10. b4 Nd4 11. d3 Ne6 12. f4 exf4 13. Nxf4 O-O 14. Ncd5 Nxf4 15.
Bxf4 Nxd5 16. exd5 d6 17. Ra2 Bg5 18. Qg4 Bxf4 19. Qxf4 Bc8 20. Raf2 g6 21. g4
Qh4 22. g5 Qxf4 23. Rxf4 Bf5 24. Be4 Bxe4 25. dxe4 Rbe8 26. h4 Kg7 27. Kg2 Re5
28. Kf3 f5 29. gxf6+ Rxf6 30. Rxf6 Kxf6 31. Ke3+ Kg7 32. Kd4 Rh5 33. Rf4 h6 34.
c5 g5 35. hxg5 Rxg5 36. cxb6 axb6 37. a4 Rg3 38. Kc4 h5 39. a5 bxa5 40. bxa5
Rg4 41. Rxg4+ hxg4 42. Kd3 1-0

[Event "Vesterhav"]
[Site "Esbjerg"]
[Date "2008.07.15"]
[Round "7"]
[White "Seegert, Kristian"]
[Black "Rendboe, John Filip"]
[Result "1/2-1/2"]
[WhiteElo "2024"]
[BlackElo "2234"]
[PlyCount "44"]
[EventDate "2008.07.11"]
[EventType "swiss"]
[EventRounds "10"]
[EventCountry "DEN"]
[Source "ChessBase"]
[SourceDate "2008.09.01"]

1. e4 c5 2. Nf3 Nc6 3. d4 cxd4 4. Nxd4 e5 5. Nb5 Nf6 6. N1c3 d6 7. Bg5 a6 8.
Na3 b5 9. Nd5 Be7 10. Bxf6 Bxf6 11. c4 b4 12. Nc2 Rb8 13. b3 O-O 14. g3 Bg5 15.
h4 Bh6 16. Bg2 a5 17. O-O Ne7 18. Nxe7+ Qxe7 19. Qd5 Qc7 20. Rad1 Re8 21. Kh2
Be6 22. Qd3 Qe7 1/2-1/2

[Event "Vesterhav"]
[Site "Esbjerg"]
[Date "2008.07.15"]
[Round "7"]
[White "Straarup, Eigil"]
[Black "Kallenbach, Uffe"]
[Result "1/2-1/2"]
[WhiteElo "1998"]
[BlackElo "1591"]
[PlyCount "34"]
[EventDate "2008.07.11"]
[EventType "swiss"]
[EventRounds "10"]
[EventCountry "DEN"]
[Source "ChessBase"]
[SourceDate "2008.09.01"]

1. e4 c5 2. Nc3 Nc6 3. g3 e6 4. Bg2 Nf6 5. d3 d5 6. f4 d4 7. Nce2 Be7 8. Nf3
O-O 9. O-O Nd7 10. g4 e5 11. f5 h6 12. Ng3 Kh7 13. h4 Bxh4 14. Nxh4 Qxh4 15.
Kf2 Nf6 16. Bf3 Qh2+ 17. Bg2 Qh4 1/2-1/2

[Event "Vesterhav"]
[Site "Esbjerg"]
[Date "2008.07.15"]
[Round "7"]
[White "Stubsgaard, Aske Lynge"]
[Black "Trarup, Jorgen"]
[Result "1/2-1/2"]
[WhiteElo "1061"]
[BlackElo "1784"]
[PlyCount "139"]
[EventDate "2008.07.11"]
[EventType "swiss"]
[EventRounds "10"]
[EventCountry "DEN"]
[Source "ChessBase"]
[SourceDate "2008.09.01"]

1. c4 c5 2. Nc3 Nc6 3. g3 e6 4. Bg2 Nge7 5. e4 Nd4 6. Nge2 Nxe2 7. Qxe2 Nc6 8.
d3 Be7 9. O-O O-O 10. b3 Bf6 11. Bb2 d6 12. Qd2 a6 13. Rab1 Rb8 14. Rfe1 Bd4
15. Ne2 Bxb2 16. Qxb2 e5 17. f4 Nb4 18. Rbd1 Bg4 19. fxe5 dxe5 20. Qxe5 Nc2 21.
Qc3 Nxe1 22. Rxe1 Bxe2 23. Rxe2 Qd4+ 24. Qxd4 cxd4 25. Rf2 f6 26. Rf5 Rfd8 27.
Bh3 h6 28. Rc5 b6 29. Rc7 a5 30. a4 Rd6 31. Bd7 Kf8 32. Bc6 Re6 33. Bb5 h5 34.
Rd7 Re7 35. Rxd4 Kf7 36. Rd5 g6 37. Bc6 Ke6 38. Rb5 Kf7 39. c5 Rc7 40. Bd5+ Ke7
41. d4 Kd8 42. Bc4 Kc8 43. cxb6 Re7 44. Bd5 g5 45. Kf2 h4 46. g4 Kd8 47. b4
axb4 48. Rxb4 Rd7 49. Rb5 Rc8 50. Rc5 Rd6 51. a5 Rb8 52. a6 Rdxb6 53. a7 Rb2+
54. Ke3 R8b3+ 55. Bxb3 Rxb3+ 56. Kd2 Ra3 57. Rc3 Rxa7 58. Kd3 Kd7 59. h3 Kd6
60. Kc4 Ra4+ 61. Kd3 Rb4 62. Ke3 Ra4 63. Rd3 Rb4 64. Rc3 Ra4 65. Kd3 Rb4 66.
Ke3 Rxd4 67. Rd3 Rxd3+ 68. Kxd3 Ke5 69. Ke3 Ke6 70. Kd4 1/2-1/2

[Event "Vesterhav"]
[Site "Esbjerg"]
[Date "2008.07.15"]
[Round "7"]
[White "Voss, Chantal"]
[Black "Hoffmann, Tobias Breinholt"]
[Result "0-1"]
[WhiteElo "1913"]
[BlackElo "2034"]
[PlyCount "106"]
[EventDate "2008.07.11"]
[EventType "swiss"]
[EventRounds "10"]
[EventCountry "DEN"]
[Source "ChessBase"]
[SourceDate "2008.09.01"]

1. d4 Nf6 2. c4 e6 3. Nc3 Bb4 4. Bg5 h6 5. Bh4 c5 6. Bxf6 Qxf6 7. e3 b6 8. Nf3
Bxc3+ 9. bxc3 Nc6 10. Be2 O-O 11. O-O d6 12. Qc2 e5 13. d5 Na5 14. Nd2 Qg5 15.
Rfe1 f5 16. Bf1 f4 17. exf4 Rxf4 18. Qd3 Bf5 19. Qg3 Qf6 20. Qe3 Rg4 21. Rac1
Rf8 22. Kh1 Qg5 23. f3 Qxe3 24. Rxe3 Rg6 25. Ne4 Bxe4 26. Rxe4 Rgf6 27. Kg1 Rf4
28. Rce1 g5 29. Rxf4 Rxf4 30. Re4 Rxe4 31. fxe4 Kg7 32. g4 Nb7 33. Kf2 Nd8 34.
Ke3 Nf7 35. h3 Nh8 36. Kd2 Kf7 37. Kc2 Ke7 38. Kd2 Ng6 39. Kc2 Kd7 40. Kb3 Kc7
41. Kc2 Kb7 42. Bg2 Ka6 43. a4 Ka5 44. Kb3 Nh4 45. Bf1 Nf3 46. Ka3 Nd2 47. Bd3
a6 48. Kb2 Kxa4 49. Bc2+ Ka5 50. Bd3 b5 51. cxb5 axb5 52. Ka3 c4 53. Bc2 Nf3
0-1

[Event "Vesterhav"]
[Site "Esbjerg"]
[Date "2008.07.15"]
[Round "7"]
[White "Wasenius, Thomas"]
[Black "Andreasen, Per"]
[Result "0-1"]
[WhiteElo "1196"]
[BlackElo "1771"]
[PlyCount "112"]
[EventDate "2008.07.11"]
[EventType "swiss"]
[EventRounds "10"]
[EventCountry "DEN"]
[Source "ChessBase"]
[SourceDate "2008.09.01"]

1. c4 Nf6 2. Nc3 c6 3. g3 d5 4. cxd5 Nxd5 5. Bg2 e6 6. e3 Nd7 7. d4 Bb4 8. Nge2
Qc7 9. O-O N7b6 10. Qb3 Bd6 11. Bd2 Nxc3 12. Nxc3 Nd5 13. Rac1 Qe7 14. a3 h5
15. e4 Nxc3 16. Rxc3 h4 17. e5 Bc7 18. Rxc6 Rb8 19. Rc2 Bb6 20. Bb4 Qg5 21.
Rfc1 Bd7 22. Bd6 Rd8 23. Bxb7 hxg3 24. Qxg3 Qxg3+ 25. hxg3 Bxd4 26. Kg2 f6 27.
f4 f5 28. Bc8 Kf7 29. Bxd7 Rxd7 30. Rc7 Rhd8 31. Rxd7+ Rxd7 32. b3 g5 33. Kf3
g4+ 34. Ke2 Rb7 35. Rc7+ Rxc7 36. Bxc7 Ke8 37. a4 Kd7 38. Bd6 Kc6 39. Bb4 a6
40. Be1 Kd5 41. Kd3 Bc5 42. b4 Bg1 43. Bc3 Bf2 44. b5 axb5 45. axb5 Bxg3 46. b6
Kc6 47. Bd4 Bxf4 48. Kc4 Bh2 49. b7 Kxb7 50. Kc5 Kc7 51. Kb5 g3 52. Bb6+ Kd7
53. Bd4 g2 54. Kc4 g1=Q 55. Bxg1 Bxg1 56. Kd3 Kc6 0-1

[Event "Vesterhav"]
[Site "Esbjerg"]
[Date "2008.07.15"]
[Round "7"]
[White "Zozulia, Anna"]
[Black "Dyrgaard, Kristoffer"]
[Result "1/2-1/2"]
[WhiteElo "2346"]
[BlackElo "2173"]
[PlyCount "101"]
[EventDate "2008.07.11"]
[EventType "swiss"]
[EventRounds "10"]
[EventCountry "DEN"]
[Source "ChessBase"]
[SourceDate "2008.09.01"]

1. e4 c5 2. Nf3 Nc6 3. Bb5 g6 4. O-O Bg7 5. c3 Nf6 6. Re1 O-O 7. h3 Qb6 8. Ba4
d5 9. e5 Ne8 10. d4 cxd4 11. cxd4 Nc7 12. Nc3 Be6 13. Re2 Rad8 14. Bg5 f6 15.
exf6 exf6 16. Bf4 Bf7 17. Bxc6 Qxc6 18. Bxc7 Qxc7 19. Qb3 Rfe8 20. Rae1 Rxe2
21. Rxe2 Bf8 22. a3 b6 23. Qa4 Qd7 24. Qxd7 Rxd7 25. Ne1 Bd6 26. Nc2 Kf8 27.
Kf1 h5 28. Ne3 Bf4 29. g3 Bxe3 30. Rxe3 a6 31. Na4 Rd6 32. Rb3 b5 33. Nc5 Be6
34. h4 Bf5 35. Ke2 Rb6 36. Ke3 Kf7 37. a4 b4 38. a5 Rb5 39. Nxa6 Rxa5 40. Nc5
Rb5 41. Kd2 Rb8 42. Na6 Rb6 43. Nc5 Rb8 44. f3 Rb6 45. Re3 Rb8 46. Re1 Ra8 47.
Nb7 Ra6 48. Re3 Rb6 49. Nc5 Rb8 50. Na6 Rb6 51. Nc5 1/2-1/2

[Event "Vesterhav"]
[Site "Esbjerg"]
[Date "2008.07.16"]
[Round "8"]
[White "Amberger, Dieter"]
[Black "Mortensen, Henrik"]
[Result "1-0"]
[WhiteElo "2110"]
[BlackElo "2019"]
[PlyCount "115"]
[EventDate "2008.07.11"]
[EventType "swiss"]
[EventRounds "10"]
[EventCountry "DEN"]
[Source "ChessBase"]
[SourceDate "2008.09.01"]

1. d4 Nf6 2. c4 c5 3. d5 d6 4. Nc3 g6 5. e4 Bg7 6. Bd3 O-O 7. h3 e6 8. Nf3 exd5
9. cxd5 a6 10. a4 Nbd7 11. Bf4 Qc7 12. O-O Nh5 13. Bh2 Re8 14. Re1 Ne5 15. Be2
Nxf3+ 16. Bxf3 Nf6 17. e5 dxe5 18. d6 Qd8 19. Bxe5 Nd7 20. Bxg7 Kxg7 21. Qd5
Rb8 22. Ne4 Re5 23. Qd2 b5 24. axb5 axb5 25. b4 cxb4 26. Qxb4 Bb7 27. Nd2 Bxf3
28. Nxf3 Rd5 29. Rad1 Rxd1 30. Rxd1 Qf6 31. Rd5 Qe6 32. Rd1 Rb6 33. Ng5 Qe5 34.
Ne4 f5 35. Ng5 h6 36. Nf3 Qf6 37. Nd4 Qe5 38. Nf3 Qf6 39. Nd4 Qe5 40. f4 Qc5
41. Qxc5 Nxc5 42. Nf3 Nd7 43. Ne5 Rb7 44. Rc1 Nb6 45. Rc5 Kf6 46. Rxb5 Ke6 47.
Nc4 Nxc4 48. Rxb7 Nxd6 49. Rg7 Kf6 50. Ra7 Ne4 51. Ra6+ Kf7 52. Kf1 Ng3+ 53.
Kf2 Ne4+ 54. Ke3 Nf6 55. Kd4 Nd7 56. Kd5 Nf6+ 57. Kd6 Ne4+ 58. Ke5 1-0

[Event "Vesterhav"]
[Site "Esbjerg"]
[Date "2008.07.16"]
[Round "8"]
[White "Andersen, Daniel"]
[Black "Hansen, Rene Rauer"]
[Result "1/2-1/2"]
[WhiteElo "1969"]
[BlackElo "2001"]
[PlyCount "56"]
[EventDate "2008.07.11"]
[EventType "swiss"]
[EventRounds "10"]
[EventCountry "DEN"]
[Source "ChessBase"]
[SourceDate "2008.09.01"]

1. c4 Nf6 2. Nc3 g6 3. e4 d6 4. d4 Bg7 5. f3 O-O 6. Be3 e5 7. Nge2 Nc6 8. d5
Ne7 9. Qd2 Ne8 10. O-O-O f5 11. exf5 Nxf5 12. Bg5 Qxg5 13. Qxg5 Bh6 14. Qxh6
Nxh6 15. Ng3 Nf5 16. Bd3 Neg7 17. Nce4 Bd7 18. c5 Rad8 19. cxd6 cxd6 20. Nxf5
Bxf5 21. Ng3 Rc8+ 22. Kd2 Rc5 23. Be4 Bxe4 24. Nxe4 Rxd5+ 25. Kc2 Ra5 26. Rxd6
Rxa2 27. Rd5 Nf5 28. Kb1 Ra6 1/2-1/2

[Event "Vesterhav"]
[Site "Esbjerg"]
[Date "2008.07.16"]
[Round "8"]
[White "Andreasen, Per"]
[Black "Hasbo, Mikkel"]
[Result "1-0"]
[WhiteElo "1771"]
[BlackElo "1485"]
[PlyCount "51"]
[EventDate "2008.07.11"]
[EventType "swiss"]
[EventRounds "10"]
[EventCountry "DEN"]
[Source "ChessBase"]
[SourceDate "2008.09.01"]

1. d4 d5 2. Nf3 Nf6 3. e3 e6 4. Bd3 c5 5. c3 Be7 6. Nbd2 O-O 7. O-O Nc6 8. Qe2
Qc7 9. Re1 Bd6 10. e4 Re8 11. e5 Bxe5 12. dxe5 Nd7 13. Nf1 f6 14. exf6 Nxf6 15.
Ne5 a6 16. Bf4 b5 17. Ng3 c4 18. Bc2 Qb6 19. Nxc6 Qxc6 20. Be5 Nd7 21. Qh5 Nxe5
22. Bxh7+ Kf8 23. Qxe5 Bb7 24. Re3 d4 25. Rf3+ Ke7 26. Qxg7+ 1-0

[Event "Vesterhav"]
[Site "Esbjerg"]
[Date "2008.07.16"]
[Round "8"]
[White "Ashwin, Jayaram"]
[Black "Andersen, Mads"]
[Result "1-0"]
[WhiteElo "2436"]
[BlackElo "2092"]
[PlyCount "77"]
[EventDate "2008.07.11"]
[EventType "swiss"]
[EventRounds "10"]
[EventCountry "DEN"]
[Source "ChessBase"]
[SourceDate "2008.09.01"]

1. e4 c5 2. Nf3 d6 3. d4 cxd4 4. Nxd4 Nf6 5. Nc3 a6 6. h3 e6 7. g4 Be7 8. Bg2
O-O 9. O-O Nc6 10. Nxc6 bxc6 11. e5 dxe5 12. Bxc6 Rb8 13. Qxd8 Rxd8 14. b3 Bb7
15. Bxb7 Rxb7 16. Na4 h5 17. f3 hxg4 18. hxg4 Nd5 19. Bd2 Nf4 20. Bxf4 exf4 21.
Rad1 Rc8 22. c4 Bc5+ 23. Kg2 g6 24. Rfe1 Be3 25. Rd6 a5 26. Red1 Rcc7 27. Kh3
Kg7 28. g5 Rc8 29. Rd8 Rbb8 30. Rxc8 Rxc8 31. Nc3 a4 32. Ne4 Rb8 33. Rd3 e5 34.
c5 Bd4 35. bxa4 Ra8 36. Rb3 Kf8 37. Rb7 Rxa4 38. c6 Ke8 39. Nd6+ 1-0

[Event "Vesterhav"]
[Site "Esbjerg"]
[Date "2008.07.16"]
[Round "8"]
[White "Bonnelykke, Ole"]
[Black "Pedersen, Torben Phalaris"]
[Result "1/2-1/2"]
[WhiteElo "2148"]
[BlackElo "1973"]
[PlyCount "83"]
[EventDate "2008.07.11"]
[EventType "swiss"]
[EventRounds "10"]
[EventCountry "DEN"]
[Source "ChessBase"]
[SourceDate "2008.09.01"]

1. e4 e6 2. d4 d5 3. Nc3 Nf6 4. Bg5 Bb4 5. e5 h6 6. Bd2 Bxc3 7. bxc3 Ne4 8. Bd3
Nxd2 9. Qxd2 c5 10. f4 Nc6 11. Nf3 Bd7 12. O-O g6 13. c4 dxc4 14. Bxc4 Nxd4 15.
Nxd4 cxd4 16. Qxd4 Qb6 17. Qxb6 axb6 18. a4 Ke7 19. Rfb1 Bxa4 20. Rxb6 Bc6 21.
Rab1 Ra4 22. Bb5 Rxf4 23. Bxc6 bxc6 24. Rb7+ Kf8 25. Rf1 Rxf1+ 26. Kxf1 Kg7 27.
Rc7 Rd8 28. c4 Rd4 29. Rxc6 Rf4+ 30. Ke2 Re4+ 31. Kd3 Rxe5 32. Rb6 Kf8 33. Rb2
Ke7 34. Kd4 Rg5 35. g3 Kd6 36. Rb6+ Kc7 37. Ra6 Kb7 38. Rd6 Kc7 39. Ra6 Kb7 40.
Ra2 Kb6 41. Rf2 Rf5 42. Rb2+ 1/2-1/2

[Event "Vesterhav"]
[Site "Esbjerg"]
[Date "2008.07.16"]
[Round "8"]
[White "Christensen, Michael"]
[Black "Wasenius, Thomas"]
[Result "1-0"]
[WhiteElo "1509"]
[BlackElo "1196"]
[PlyCount "71"]
[EventDate "2008.07.11"]
[EventType "swiss"]
[EventRounds "10"]
[EventCountry "DEN"]
[Source "ChessBase"]
[SourceDate "2008.09.01"]

1. e4 e6 2. d4 d5 3. exd5 exd5 4. Nf3 Nf6 5. Be3 Bf5 6. Nbd2 Nbd7 7. Be2 Be7 8.
O-O O-O 9. Ne5 c5 10. Nxd7 Nxd7 11. dxc5 Nxc5 12. c3 Qd6 13. Bxc5 Qxc5 14. Nb3
Qd6 15. Nd4 Bd7 16. Bg4 f5 17. Bf3 Bc6 18. Re1 Kh8 19. Re6 Qc7 20. Nxc6 bxc6
21. Qa4 Bd6 22. Qh4 Rae8 23. Rae1 Be5 24. R1xe5 Rxe6 25. Rxe6 Qb6 26. Qe7 Rg8
27. Qb4 Qxb4 28. cxb4 Rc8 29. Re7 h6 30. Rxa7 d4 31. Rd7 c5 32. bxc5 Rxc5 33.
h3 Rb5 34. b3 Rb4 35. Bd5 Rb6 36. Bc4 1-0

[Event "Vesterhav"]
[Site "Esbjerg"]
[Date "2008.07.16"]
[Round "8"]
[White "Christensen, Svend Ib"]
[Black "Hansen, Ib Lynaes"]
[Result "0-1"]
[WhiteElo "1531"]
[BlackElo "1926"]
[PlyCount "104"]
[EventDate "2008.07.11"]
[EventType "swiss"]
[EventRounds "10"]
[EventCountry "DEN"]
[Source "ChessBase"]
[SourceDate "2008.09.01"]

1. d4 d6 2. Nf3 g6 3. Bf4 Bg7 4. e3 Nf6 5. Nbd2 Nbd7 6. c3 a6 7. Bc4 b5 8.
Bxf7+ Kxf7 9. Ng5+ Kg8 10. Ne6 Qe8 11. Nxc7 Qd8 12. Nxa8 Bb7 13. Qb3+ Bd5 14.
c4 Bf7 15. Qd3 bxc4 16. Nxc4 Qxa8 17. O-O h6 18. Rac1 Kh7 19. Nd2 Rc8 20. b3
Nh5 21. Bg3 Rc6 22. Rc3 Bd5 23. f3 Nxg3 24. hxg3 e5 25. Rfc1 Rxc3 26. Rxc3 exd4
27. exd4 Qa7 28. Kh2 Bxd4 29. Rc1 Ne5 30. Qc2 Bc6 31. Ne4 Qe7 32. Qd2 Bxe4 33.
Qxd4 Bxf3 34. Qb6 Bg4 35. Rc7 Bd7 36. Qa7 Ng4+ 37. Kh3 Ne5+ 38. Kh2 h5 39. Kg1
Kh6 40. Qe3+ g5 41. Kh1 Qf6 42. Qe2 Bb5 43. Qe1 Ng4 44. Qb1 Nf2+ 45. Kh2 Bd3
46. Qc1 Qe5 47. Qd2 Qf5 48. Rc1 Kg6 49. Qb4 Qe5 50. Re1 Be4 51. Qb8 Ng4+ 52.
Kg1 Qd4+ 0-1